000 00499nam a2200121Ia 4500
008 171212s9999 xx 000 0 und d
020 _a9780833084163
100 _aBass, Warren
245 _cBass, Warren
_aA Surprise Out of Zion?
_bCase Studies in Israel's Decisions on Whether to Alert the United States to Preemptive and Preventive Strikes, from Suez to the Syrian Nuclear Reactor
260 _bRAND Corporation
_c2015
650 _aHistory
856 _uhttp://jstor.org/stable/10.7249/j.ctt19w73b6
999 _c351665
_d351665